000 00514nam a2200169Ia 4500
008 220216s9999 xx 000 0 und d
100 _aVichitcholchai N
245 0 _aUsing rice husk ash as filler in rubber industry
260 _bIRRDB Symposium: Challenges for Natural Rubber in Globalization, 15-17 September 2003, Ching Mai, Thailand
650 _aFiller
650 _aRice husk
650 _aRubber industry
700 _aArayapranee W
700 _aNa-Ranong N
700 _aNoisuwan W
942 _cJS
999 _c72001
_d72001